000 00281nam a22001217a 4500
008 170320b xxu||||| |||| 00| 0 eng d
041 _aeng
080 _a616.8
100 _a7
101 _aSHM
245 _aRECENT ADVANCES IN PARKINSON'S DISEASE
_cMCDOWELL. F./H
942 _2udc
_cBK
999 _c8053
_d8053